It's a slippery slope /

Bibliographic Details
Main Author: Gray, Spalding, 1941-2004
Other Authors: Russo, Kathleen
Format: Book
Language:English
Published: Woodstock, Ill. : Dramatic Publishing, [2008]
Subjects:

MARC

Tag First Indicator Second Indicator Subfields
LEADER 00000cam a2200000Ia 4500
001 in00002402011
005 20151109092847.0
008 080709s2008 ilu 000 d eng d
020 |a 158342573X 
020 |a 9781583425732 
035 |a (OCoLC)ocn233617648 
035 |a (OCoLC)233617648 
040 |a YDXCP  |c YDXCP  |d TXA  |d UtOrBLW 
049 |a TXAM 
090 |a PS3557.R333  |b I87 2008 
100 1 |a Gray, Spalding,  |d 1941-2004. 
245 1 0 |a It's a slippery slope /  |c by Spalding Gray ; adapted by Kathleen Russo. 
264 1 |a Woodstock, Ill. :  |b Dramatic Publishing,  |c [2008] 
264 4 |c ©2008 
300 |a 78 pages ;  |c 19 cm. 
336 |a text  |b txt  |2 rdacontent 
337 |a unmediated  |b n  |2 rdamedia 
338 |a volume  |b nc  |2 rdacarrier 
650 0 |a Middle-aged men  |v Drama. 
650 0 |a Midlife crisis  |v Drama. 
650 0 |a Fathers and sons  |v Drama. 
650 0 |a Skis and skiing  |v Drama. 
700 1 |a Russo, Kathleen. 
938 |a YBP Library Services  |b YANK  |n 2841667 
945 |a PromptCat  |b 477905 
946 |a stk 
947 |a A14836719375 
994 |a C0  |b TXA 
948 |a cataloged  |b h  |c 2008/9/2  |d c  |e nbehmer  |f 11:18:53 am 
999 |a MARS 
999 f f |s 09441759-5df3-37ae-b421-955eeeb0b1f8  |i 947aa7d4-709c-3427-bb22-ae058a1deea2  |t 0 
952 f f |p ric  |a Texas A&M University  |b Rellis Campus  |c Joint Library Facility  |d Remote Storage  |t 0  |e PS3557.R333 I87 2008  |h Library of Congress classification  |i unmediated -- volume  |m A14836719375 
998 f f |a PS3557.R333 I87 2008  |t 0  |l Remote Storage